Statistics for Countries by Km. of railroad by thousand of square km.

Click here to take the quiz!

General Stats

  • This quiz has been taken 26 times
  • The average score is 15 of 20

Answer Stats

HintAnswer% Correct
60.31Austria
92%
46.85France
92%
60.98United Kingdom
88%
117.2Belgium
85%
56.54Italy
85%
72.07Netherlands
85%
60.58Poland
85%
74.03Slovakia
85%
87.37Switzerland
85%
119.9Czech republic
81%
93.6Germany
77%
53.29Japan
77%
46.01Croatia
73%
59.59Slovenia
73%
45.18Romania
69%
49.45Denmark
65%
84.83Hungary
65%
106.34Luxembourg
65%
57.44Israel
31%
46.19Cuba
12%

Score Distribution

Percentile by Number Answered

Percent of People with Each Score

Your Score History

You have not taken this quiz